000 00462nam a2200181Ia 4500
003 GCL
008 140319s9999 xx 000 0 ara d
040 _aGCL /
_cGCL
082 0 4 _a210
_bم ف
100 1 _aمحمد قطب
245 1 0 _aفى النفس والمجتمع /
_cمحمد قطب
260 _a[S.N] :
_bدار الشروق ،
_c1993
300 _a200 ص
490 _a
650 0 4 _aالاسلام
650 0 4 _aالمجتمع
942 _2ddc
_cBK
999 _c34038
_d34038